[Event "Texas Masters"]
[Site "Dallas"]
[Date "2002.04.13"]
[Round "2"]
[White "Griggs, Scott"]
[Black "Echeverry, Alex M"]
[Result "1/2-1/2"]
[WhiteElo "1914"]
[BlackElo "1948"]
[PlyCount "99"]
[EventDate "2002.04.12"]
[EventType "swiss"]
[EventRounds "5"]
[EventCountry "USA"]
[SourceTitle "EXT 2003"]
[Source "ChessBase"]
[SourceDate "2002.11.25"]
[SourceVersion "1"]
[SourceVersionDate "2002.11.25"]
[SourceQuality "1"]

1. e4 d6 2. d4 Nf6 3. f3 c6 4. c4 Nbd7 5. Nc3 e5 6. Nge2 Be7 7. d5 c5 8. Ng3 0-0 9. Bd3 Re8 10. 0-0 Nf8 11. Be3 Ng6 12. Qd2 a6 13. a4 Rb8 14. Rae1 Qa5 15. Nf5 Bf8 16. Bg5 Nh5 17. g3 Bd7 18. Qe2 h6 19. Bd2 Qb6 20. Bc1 Qb4 21. Bc2 b5 22. axb5 axb5 23. cxb5 Bxb5 24. Nxb5 Rxb5 25. Bd2 Qxb2 26. Ba4 c4 27. Bxb5 Qxb5 28. Rb1 Qc5+ 29. Be3 Qc7 30. Rfc1 Rc8 31. Rc3 Ne7 32. Nxe7+ Bxe7 33. Rbc1 Qa5 34. Rxc4 Rxc4 35. Qxc4 Bg5 36. Bxg5 hxg5 37. Qc8+ Kh7 38. Qh3 Kg6 39. Qf1 Nf6 40. Rc6 Qa3 41. Qf2 Kh7 42. Kg2 g6 43. h4 gxh4 44. gxh4 Nh5 45. Kh2 Nf4 46. Rc7 Kg7 47. Ra7 Qc1 48. Ra2 Nh5 49. Qd2 Qf1 50. Qe2 1/2-1/2

[Event "Dallas CC GP8  "]
[Site "Dallas"]
[Date "2002.01.19"]
[Round "3.1"]
[White "Echeverry, Alex M"]
[Black "Chua, Alexander J"]
[Result "1/2-1/2"]
[WhiteElo "1910"]
[BlackElo "2016"]
[PlyCount "99"]
[EventDate "2002.01.19"]
[EventType "swiss"]
[EventRounds "5"]
[EventCountry "USA"]
[SourceTitle "EXT 2003"]
[Source "ChessBase"]
[SourceDate "2002.11.25"]
[SourceVersion "1"]
[SourceVersionDate "2002.11.25"]
[SourceQuality "1"]

1. f4 c5 2. b3 d5 3. e3 Nc6 4. Nf3 Nf6 5. Bb2 e6 6. d3 Bd6 7. Nbd2 Qc7 8. Be2 Ng4 9. Nf1 e5 10. h3 Nf6 11. fxe5 Nxe5 12. Qd2 Be6 13. c4 0-0-0 14. Qc2 Rhe8 15. 0-0-0 Nc6 16. a3 d4 17. exd4 Nxd4 18. Nxd4 cxd4 19. Kb1 Kb8 20. Bxd4 Bxa3 21. Bf2 Bf5 22. Ng3 Bg6 23. Bf3 Bc5 24. Bxc5 Qxc5 25. Ne4 Qd4 26. Rhe1 Nxe4 27. dxe4 Qe5 28. Rxd8+ Rxd8 29. Qb2 Qa5 30. Rc1 f5 31. b4 Qa4 32. Qe5+ Ka8 33. exf5 Qxb4+ 34. Qb2 Bxf5+ 35. Ka1 Qa5+ 36. Qa2 Qxa2+ 37. Kxa2 Rd2+ 38. Ka3 Bxh3 39. Re1 Kb8 40. Re8+ Kc7 41. Re7+ Rd7 42. Re5 Rd3+ 43. Kb4 Bd7 44. Re7 b6 45. c5 Rd4+ 46. Kc3 bxc5 47. Rxg7 Rh4 48. g3 Rh3 49. Be4 Kd6 50. Rxd7+ 1/2-1/2

[Event "Dallas Amateur op"]
[Site "Dallas"]
[Date "2000.10.28"]
[Round "2"]
[White "Echeverry, Alex M"]
[Black "Neil, Wilson"]
[Result "1-0"]
[WhiteElo "1472"]
[BlackElo "1600"]
[PlyCount "37"]
[EventDate "2000.10.28"]
[EventType "swiss"]
[EventRounds "5"]
[EventCountry "USA"]
[SourceTitle "EXT 2002"]
[Source "ChessBase"]
[SourceDate "2001.11.25"]
[SourceVersion "1"]
[SourceVersionDate "2001.11.25"]
[SourceQuality "1"]

1. e4 e5 2. Qh5 d6 3. Bc4 g6 4. Qf3 Be6 5. d3 Bxc4 6. dxc4 Qf6 7. Qb3 b6 8. Nc3 c6 9. Qa4 Qd8 10. Nf3 Ne7 11. Bg5 h6 12. Bf6 Rg8 13. 0-0-0 Qc8 14. Rxd6 Nf5 15. Rd8+ Qxd8 16. Bxd8 Nd4 17. Bc7 Nd7 18. Nxd4 Nc5 19. Qxc6+ 1-0

[Event "Thompson Memorial op U1600"]
[Site "Dallas"]
[Date "2000.08.05"]
[Round "3"]
[White "Echeverry, Alex M"]
[Black "Francovic, Luka"]
[Result "0-1"]
[WhiteElo "1448"]
[BlackElo "1574"]
[PlyCount "73"]
[EventDate "2000.08.04"]
[EventType "swiss"]
[EventRounds "5"]
[EventCountry "USA"]
[SourceTitle "EXT 2005"]
[Source "ChessBase"]
[SourceDate "2004.11.15"]
[SourceVersion "1"]
[SourceVersionDate "2004.11.15"]
[SourceQuality "1"]

1. e4 c5 2. c4 g6 3. g3 Bg7 4. Bg2 Qb6 5. Nc3 e6 6. d3 d6 7. Nge2 Bd7 8. 0-0 Nc6 9. Be3 Nd4 10. Rb1 Qc7 11. Qd2 Rb8 12. b4 b6 13. b5 Ne7 14. Bg5 Bc8 15. h4 f6 16. Be3 e5 17. f4 Bg4 18. fxe5 dxe5 19. Rf2 Qd7 20. Bxd4 cxd4 21. Nd5 Nxd5 22. exd5 Qd6 23. Nc1 Rc8 24. a4 Bf5 25. a5 h5 26. Re2 Bh6 27. Qc2 Bg4 28. Re1 g5 29. Nb3 gxh4 30. gxh4 Rg8 31. Kh1 Bf4 32. Nd2 Bf5 33. Nf3 Rc7 34. Nxd4 Qd7 35. Qf2 Kf8 36. Ne6+ Bxe6 37. dxe6 0-1